000 01240nab a2200241 i 4500
001 768714001
003 CO-MdFUSB
005 20240731145921.0
008 240731t1988 -us||||| |||| 00| 0 eng d
040 _bspa
_cCO-MdFUSB
_dCO-MdFUSB
041 _aeng
100 _aBarrett, David B.,
_eautor
245 4 _aThe twentieth-century pentecostal / charismatic renewal in the Holy Spirit, with its goal of world evangelization
_c/ David B. Barrett
520 _aEn este artículo se puede encontrar un panorama del movimiento pentecostal, carismático y de la tercera ola, donde el autor ve la Renovación en el Espíritu Santo como un único movimiento cohesivo al que se ha atraído una vasta proliferación de todo tipo de individuos y comunidades en una amplia gama de circunstancias diferentes.
546 _aTexto en inglés.
650 0 _aEvangelización
_9362
650 0 _aEspíritu Santo
_950
650 0 _aProtestantismo
_9947
650 0 _a Ecumenismo
_xHistoria
_91146
773 0 _049483
_982886
_oR2714
_tInternational Bulletinof Missionary Research
_w(CO-MdFUSB)768714001
_x0272-6122
_gVolumen 12, (número 3, 1988), páginas: 119 - 129
_qpágina: 119
942 _cANA
945 _aCatherine Arias Álvarez - Practicante SENA
999 _c70651
_d70651